Last Chaos Knight Skills - Statistics

General Stats
  • This quiz has been taken 3 times
  • The average score is 12 of 40
Answer Stats
Answer % Correct
Double Bash
100%
Triple Bash
100%
Aura of Accuracy
67%
Aura of Defense
67%
Baller
67%
Concentration
67%
Defense Posture
67%
Devotion
67%
Kick
67%
Mana Break
67%
Offense Posture
67%
Armor Break
33%
Dash
33%
Divine Shield
33%
Mana Break 2
33%
Protection
33%
Shield Chop
33%
Shield Strike
33%
Shield Strike 2
33%
Sword Wave
33%
Telekinesis
33%
Weapon Break
33%
Armor Break 2
0%
Curtain of Grand Royal
0%
Damage Link
0%
Fatal Divide
0%
Grace of Holy Shield
0%
Knuckle Spear
0%
Light Spear
0%
Photic Shield
0%
Provoke
0%
Reflection Shield
0%
Soul of Royal Knight
0%
Soul of Temple Knight
0%
Taunt
0%
Two Hand Pierce
0%
Veteran's Composure
0%
Weapon Break 2
0%
Whittling Spray
0%
Wrath of Light
0%
No matching quizzes found
Score Distribution
Percent of People with Each Score
Percentile by Number Answered
Your Score History
You have not taken this quiz